000 00850cam a2200265 4500
001 15634
003 BD-RjUL
005 20211208235847.0
008 140210r1979 enka b 001 0 eng
020 _a0471347159
035 _a(BD-RjUL)15689
040 _aDLC
_cDLC
_dDLC
_dBD-RjUL
_beng
041 _aeng
082 0 0 _a658.21
_bSPA 1979
245 1 0 _aSpatial perspectives on industrial organization and decision-making /
_cEditor: F. E. Ian Hamilton.
260 _aLondon ;
_aNew York :
_bWiley,
_cc1974 [reprinted 1979].
300 _axxiv, 533 p. :
_billus. ;
_c24 cm.
504 _aIncludes bibliographical reference and index.
650 0 _aIndustrial location.
_948535
650 0 _aIndustrial location
_xCase studies.
_913424
700 1 _aHamilton, F. E. Ian.
_948536
942 _2ddc
_cBK
999 _c15634
_d15634